000 01265nam a2200241 i 4500
001 18283
003 DO-SdUEMH
005 20260106134200.0
007 ta
008 260103b1982 dr |||gr|||| 10| 0 spa d
040 _aDO-SdUEMH
_bspa
_erda
041 _aspa
082 1 4 _mRD
_bE56p
245 1 0 _aLos problemas del sector rural en la República Dominicana /
_cSamuel Encarnación, Joaquín Nolasco, Guillermo Bendezú Alvarado Rafael Herrera, Carlos Dore Cabral, Manuel de Js. Viñas Cáceres
264 0 1 _aSanto Domingo, República Dominicana :
_bForum,
_c1982
300 _a233 paginas ;
_c22 cm.
336 _2rdacontent
_atexto
_btxt
337 _2rdamedia
_asin mediación
_bn
338 _2rdacarrier
_avolumen
_bnc
490 _aForum ;
_v3
505 0 _aPresentación -- Introducción -- La producción de alimentos y las posibilidades de abastecimiento de la agricultura dominicana -- La comercialización agrícola en la República Dominicana -- La realidad campesina dominicana y sus posibilidades de desarrollo -- Ideas y opiniones sobre la reforma agraria -- Posibilidades y límites de la reforma agraria en la República Dominicana -- El uso de los recursos naturales en la formulación de una política agropecuaria -- Debate.
942 _2ddc
_n0
_cBK
999 _c18283
_d18283